000 00605nam a2200193Ia 4500
005 20260120124546.0
008 008 260114s9999 xx 000 0 eng d
020 _a9781781904251
037 _aEBOOK
040 _aCRL
_beng
_cCRL
041 _aeng
_2eng
084 _qCRL
245 0 _aLearning Disabilities: Identification, Assessment, and Instruction of Students with LD
260 _bEmerald Publishing
_c2013
700 _aJeffrey P. Bakken
_9907756
856 _uhttps://www.emerald.com/insight/publication/doi/10.1108/S0270-4013(2013)24
942 _cEBOOK
999 _c1499641
_d1499641